书目信息 |
| 题名: |
装饰装修监理员专业管理实务
|
|
| 作者: | 张彦鸽 主编 | |
| 分册: | ||
| 出版信息: | 郑州 黄河水利出版社 2010.05 |
|
| 页数: | 188页 | |
| 开本: | 26cm | |
| 丛书名: | ||
| 单 册: | ||
| 中图分类: | TU767 | |
| 科图分类: | ||
| 主题词: | 住宅--zhu zhai--室内装饰--工程施工--监督管理--技术培训--教材 | |
| 电子资源: | ||
| ISBN: | 978-7-80734-816-0 | |
| 000 | 01114nam0 2200253 450 | |
| 001 | 012010738000 | |
| 005 | 20160428165718.94 | |
| 010 | @a978-7-80734-816-0@dCNY33.00 | |
| 100 | @a20101221d2010 em y0chiy0120 ea | |
| 101 | 0 | @achi |
| 102 | @aCN@b410000 | |
| 105 | @aak a 000yy | |
| 200 | 1 | @a装饰装修监理员专业管理实务@Azhuang shi zhuang xiu jian li yuan zhuan ye guan li shi wu@f张彦鸽主编@Fzhang yan ge zhu bian |
| 210 | @a郑州@c黄河水利出版社@d2010.05 | |
| 215 | @a188页@c图@d26cm | |
| 300 | @a建筑工程施工现场专业人员培训教材 | |
| 320 | @a有书目 (第188页) | |
| 330 | @a本书内容包括:建设工程监理与相关法规制度,建设工程监理工作基本知识,工程监理企业、项目监理机构与项目监理人员,建设工程监理资料,建设工程质量控制,建设工程进度控制,建设工程投资控制,建设工程安全管理,建设工程合同管理,施工阶段监理信息管理、资料管理。 | |
| 333 | @a供工程监理技术人员参考使用,也可供相关专业人员参考使用。 | |
| 606 | 0 | @a住宅@Azhu zhai@x室内装饰@x工程施工@x监督管理@x技术培训@j教材 |
| 690 | @aTU767@v4 | |
| 701 | 0 | @a张彦鸽@Azhang yan ge@4主编 |
| 801 | 0 | @aCN@bQSSK@c20101221 |
| 905 | @b789670-72@dTU767@eZ221@f3 | |
| 装饰装修监理员专业管理实务/张彦鸽主编.-郑州:黄河水利出版社,2010.05 |
| 188页:图;26cm |
| 建筑工程施工现场专业人员培训教材.-使用对象:供工程监理技术人员参考使用,也可供相关专业人员参考使用。 |
| ISBN 978-7-80734-816-0:CNY33.00 |
| 本书内容包括:建设工程监理与相关法规制度,建设工程监理工作基本知识,工程监理企业、项目监理机构与项目监理人员,建设工程监理资料,建设工程质量控制,建设工程进度控制,建设工程投资控制,建设工程安全管理,建设工程合同管理,施工阶段监理信息管理、资料管理。 |
| ● |
| 相关链接 |
|
|
|
正题名:装饰装修监理员专业管理实务
索取号:TU767/Z221
 
预约/预借
| 序号 | 登录号 | 条形码 | 馆藏地/架位号 | 状态 | 备注 |
| 1 | 1222910 | 212229104 | 管理学院资料室/ [索取号:TU767/Z221] | 在馆 | |
| 2 | 789670 | 207896703 | 建筑库201/201建筑库 46排7列1层/ [索取号:TU767/Z221] | 在馆 | |
| 3 | 789671 | 207896712 | 建筑库201/201建筑库 46排7列1层/ [索取号:TU767/Z221] | 在馆 | |
| 4 | 789672 | 207896721 | 建筑库201/201建筑库 46排7列1层/ [索取号:TU767/Z221] | 在馆 |